| 000 | 00335nam a2200121Ia 4500 | ||
|---|---|---|---|
| 008 | 220204s9999 xx 000 0 und d | ||
| 082 | _bRRI.2 | ||
| 100 | _aJose, M | ||
| 245 | 0 | _aNatural rubber: The bibliography of selected scientific and technical papers.V.2 | |
| 260 |
_aKottayam _bRRII _c1994 |
||
| 700 | _aKorah, A.C | ||
| 942 | _cBK | ||
| 999 |
_c43967 _d43967 |
||